| 000 | 00830nmc a2200301 a 4500 | ||
|---|---|---|---|
| 003 | AR-BaBNM | ||
| 005 | 20251128210056.0 | ||
| 008 | 139019s[ca. ||||||||||||||000 | spa|| | ||
| 020 | _a84-277-0783-5 | ||
| 040 | _cAR-BaBNM | ||
| 100 | 1 | _aMerodio, Isabel | |
| 245 | 1 | 0 |
_aOtro lenguaje _bla enseñanza de la expresión plástica : etapa 12-16 años |
| 260 |
_aMadrid _bNarcea _c[ca. 1987] |
||
| 300 | 0 | _a166 p. | |
| 490 | 0 | _aProyecto 12/16 | |
| 650 | 4 | _aEDUCACION ARTISTICA | |
| 650 | 4 | _aEXPRESION ARTISTICA | |
| 650 | 4 | _aENSENANZA | |
| 650 | 4 | _aCARACTERISTICAS DEL ALUMNO | |
| 650 | 4 | _aROL DEL DOCENTE | |
| 650 | 4 | _aOBJETIVOS EDUCACIONALES | |
| 650 | 4 | _aMETODOS DE ENSENANZA | |
| 650 | 4 | _aEVALUACION | |
| 653 | 0 | _aEDUCACION SECUNDARIA | |
| 653 | 0 | _aCONTENIDOS CURRICULARES | |
| 942 | _cBK | ||
| 998 | _cRaquel | ||
| 999 |
_c13923 _d13923 |
||